Statistics for Highest Countries of the World (with a map)

Click here to take the quiz!

General Stats

  • This quiz has been taken 208 times
  • The average score is 41 of 50

Answers on the Map

Answers color-coded by a green-red scale on the quiz's map according to % correct below.
 

Answer Stats

% Correct
99%
99%
98%
98%
97%
97%
96%
96%
96%
96%
95%
95%
94%
94%
94%
94%
93%
92%
92%
92%
91%
91%
90%
90%
89%
89%
89%
88%
88%
88%
88%
88%
87%
81%
78%
75%
74%
74%
74%
72%
71%
67%
65%
62%
62%
55%
44%
41%
34%
29%

Score Distribution

Percentile by Number Answered

Percent of People with Each Score

Your Score History

You have not taken this quiz